The Relationships Between Productivity, Operational Risk, and Firm Performance
Prehodnotenie vzťahu medzi produktivitou a výkonom pomocou modelu panelových dát v taiwanských potravinárskych firmách v období rokov 2008–2020. Význam inovácií v oblasti výskumu a vývoja, produktivity a prevádzkového rizika na výkonnosť firmy. Skúmanie výskumu a vývoja v oblasti inovácií, asymetric...
Uložené v:
| Hlavný autor: | |
|---|---|
| Ďalší autori: | , , |
| Médium: | Kapitola |
| Jazyk: | English |
| Predmet: | |
| Tagy: |
Žiadne tagy, Buďte prvý, kto otaguje tento záznam!
|
MARC
| LEADER | 00000naa a2200000 4500 | ||
|---|---|---|---|
| 001 | 0283336 | ||
| 005 | 20220426075525.7 | ||
| 041 | 0 | |a eng | |
| 044 | |a CZ | ||
| 245 | 1 | 0 | |a The Relationships Between Productivity, Operational Risk, and Firm Performance |c Chunhsin Chou, Joeming Lee, Yingmaw Teng, Hsiuling Lee |
| 520 | |a Prehodnotenie vzťahu medzi produktivitou a výkonom pomocou modelu panelových dát v taiwanských potravinárskych firmách v období rokov 2008–2020. Význam inovácií v oblasti výskumu a vývoja, produktivity a prevádzkového rizika na výkonnosť firmy. Skúmanie výskumu a vývoja v oblasti inovácií, asymetrických efektov produktivity v rámci operačného rizika a prahovej hodnoty prevádzkového zisku. | ||
| 610 | 2 | 0 | |a priemysel potravinársky |
| 610 | 2 | 0 | |a inovácia |
| 610 | 2 | 0 | |a výskum |
| 610 | 2 | 0 | |a vývoj |
| 610 | 2 | 0 | |a produktivita |
| 610 | 2 | 0 | |a riziko operačné |
| 610 | 2 | 0 | |a výkonnosť podniku |
| 610 | 2 | 0 | |a Taiwan |
| 100 | 1 | |a Chou, Chunhsin | |
| 700 | 1 | |a Lee, Joeming | |
| 700 | 1 | |a Teng, Yingmaw | |
| 700 | 1 | |a Lee, Hsiuling | |